000 00328 a2200145 4500
001 152755
040 _cEscola São Tomás de Aquino
100 _aLIZANDRO
240 1 0 _aCarta para a estrela Catarina.
_lpor
245 1 0 _aCarta para a estrela Catarina.
362 0 _a1992
440 1 _aRHJ
697 _aPoesia
942 _cBK
999 _c152755
_d152755